000
00217 a2200097 4500
001
51737
100
_a
Liao S Y
245
_a
Microwave Solid State Devices
260
_a
N J
_b
Prentice Hall
_c
090
_c
32720
_d
32720
942
_a
NUST-CAE
_c
M
_c
25248
999
_c
286810
_d
286810